Name The Artist - 80s Pop Hits - Statistics

General Stats
  • This quiz has been taken 68 times
  • The average score is 40 of 100
Answer Stats
Hint Answer % Correct
In The Air Tonight Phil Collins
86%
Pop Muzik M
82%
I Wanna Dance With Somebody (Who Loves Me) Whitney Houston
82%
Physical Olivia Newton-John
81%
Modern Love David Bowie
77%
Raspberry Beret Prince
77%
Don't You (Forget About Me) Simple Minds
77%
Eyes Without A Face Billy Idol
75%
Dancing In The Dark Bruce Springsteen
75%
Heaven Is A Place On Earth Belinda Carlisle
70%
Girls On Film Duran Duran
70%
Dancing On The Ceiling Lionel Richie
70%
Sunglasses At Night Corey Hart
68%
She Sells Sanctuary The Cult
68%
Rock Me Amadeus Falco
67%
Invisible Touch Genesis
67%
Nothing's Gonna Stop Us Now Starship
67%
Drive The Cars
67%
Do You Really Want To Hurt Me Culture Club
65%
Tainted Love Soft Cell
65%
Don't You Want Me The Human League
65%
Video Killed The Radio Star The Buggles
63%
Walk Of Life Dire Straits
61%
Relax Frankie Goes To Hollywood
61%
Wuthering Heights Kate Bush
61%
I Ran (So Far Away) A Flock Of Seagulls
60%
Venus Bananarama
60%
Here Comes The Rain Again Eurythmics
60%
Alone Heart
60%
Enjoy The Silence Depeche Mode
58%
Angel Of The Morning Juice Newton
58%
You Can Call Me Al Paul Simon
58%
Rapture Blondie
56%
Addicted To Love Robert Palmer
56%
Mr. Blue Sky Electric Light Orchestra
54%
Hip To Be Square Huey Lewis & The News
53%
Sowing The Seeds Of Love Tears For Fears
53%
Blue Monday New Order
51%
The Lovecats The Cure
51%
Freedom Wham!
51%
Owner Of A Lonely Heart Yes
51%
Too Shy Kajagoogoo
49%
New Sensation INXS
46%
Gold Spandau Ballet
46%
Forever Young Alphaville
44%
You Keep Me Hanging On Kim Wilde
44%
Toy Soldiers Martika
44%
A Little Respect Erasure
42%
Always On My Mind Pet Shop Boys
42%
And She Was Talking Heads
42%
Sledgehammer Peter Gabriel
40%
Tell It To My Heart Taylor Dayne
40%
St. Elmos Fire (Man In Motion) John Parr
39%
Because The Night Patti Smith
39%
Love Of The Common People Paul Young
39%
Cars Gary Numan
35%
Heartbreaker Pat Benatar
35%
Nightshift Commodores
33%
Don't Get Me Wrong Pretenders
33%
Party All The Time Eddie Murphy
32%
Smalltown Boy Bronski Beat
30%
Word Up Cameo
30%
I Love You Always Forever Donna Lewis
30%
China In Your Hand T'Pau
30%
Self Control Laura Branigan
28%
Dancing With Tears In My Eyes Ultravox
28%
You're The Voice John Farnham
25%
Together In Electric Dreams Phil Oakey
25%
Fade To Grey Visage
25%
The Killing Moon Echo & The Bunnymen
23%
Major Tom (Coming Home) Peter Schilling
23%
Caravan Of Love Housemartins
21%
The Whole Of The Moon The Waterboys
21%
Surrender Cheap Trick
19%
Real Wild Child (Wild One) Iggy Pop
19%
Making Plans For Nigel XTC
19%
Rooms On Fire Stevie Nicks
18%
Temptation Heaven 17
16%
Echo Beach Martha And The Muffins
16%
Panic The Smiths
16%
(Feels Like) Heaven Fiction Factory
14%
The King Of Rock 'N' Roll Prefab Sprout
14%
Nobody's Diary Yazoo
14%
Somewhere In My Heart Aztec Camera
12%
Cherry-Coloured Funk Cocteau Twins
12%
She's Lost Control Joy Division
12%
Apollo 9 Adam Ant
11%
Rush Hour Jane Wiedlin
11%
The Ghost In You The Psychedelic Furs
11%
Oh Yeah Yello
11%
Life In Tokyo Japan
9%
Don't Talk To Me About Love Altered Images
7%
International Rescue Fuzzbox
5%
If You Leave Orchestral Manoeuvres In The Dark
5%
Twist And Shout Deacon Blue
4%
Brilliant Mind Furniture
4%
Rock The Boat Hues Corporation
4%
Rainbow Child Dan Reed Network
2%
We Are Not Alone Karla Devito
2%
The Edge Of Forever The Dream Academy
2%
No matching quizzes found
Score Distribution
Percent of People with Each Score
Percentile by Number Answered
Your Score History
You have not taken this quiz